000 00442nam a2200181Ia 4500
001 20629
005 20260306172820.0
008 260306t2005||||xx |||||||||||||| ||spa||
041 _aESP
082 _a343.6
_bC22
100 _aCalderón Sumarriva, Ana, 1974-
_eAUT
245 0 _aEl abc del derecho administrativo
260 _c2005
300 _a172 páginas :
_c24 cm.
650 _aGEN
654 _aCDE
942 _cLIB
_dJUS
_fJUS
_2ddc
_n
999 _c20629
_d20629